Clickable Harry Potter Chapters Finnish #5 (OotP) Quiz Stats

 Plays Quiz not verified by Sporcle

Score 0/38 Timer 15:00
1 Play Today
% Correct
Dorka Dudley
97.6%
Luna Lovekiva
95.1%
Percy ja Anturajalka
90.2%
Hagridin tarina
90.2%
Pyhän Mungon taikatautien ja -vammojen sairaala
90.2%
Professori Pimento
87.8%
V.I.P:t
87.8%
Rouva Weasleyn murheet
85.4%
Opetusasetus numero kaksikymmentäneljä
82.9%
Ruaah
82.9%
Okklumeus
80.5%
Albuksen Kaarti
78%
Kentauri ja kielijä
75.6%
Tappelu ja pako
70.7%
Taikaministeriö
68.3%
Pimennon istunto
68.3%
Jalo ja ikivanha Mustan suku
63.4%
Tylypahkan yli-inkvisiittori
63.4%
Leijona ja käärme
63.4%
% Correct
Arvattua ja aavistamatonta
63.4%
Kalkaroksen kauhein muisto
63.4%
Nokkavia pöllöjä
61%
Kalmanhanaukio kaksitoista
61%
Kuulustelu
61%
Ainut jota hän on pelännyt
61%
Lajitteluhatun uusi laulu
58.5%
Käärmeen silmä
58.5%
Joulu suljetulla osastolla
58.5%
Kadonnut ennustus
58.5%
Feeniksin kilta
56.1%
Toinen sota alkaa
56.1%
Sianpäässä
51.2%
Kovakuoriainen kovilla
51.2%
Tulesta tultua
51.2%
Salaperäisyyksien osasto
51.2%
Verhon taakse
51.2%
Ammatinvalinnanohjaus
48.8%
Etuvartio
46.3%

You're not logged in!

Compare scores with friends on all Sporcle quizzes.
OR
Log In

Sporcle TV

Today on Sporcle TV


Watch our educational content, quiz creation guides, and fun videos on Sporcle TV.

Show Comments

Extras

Top Quizzes Today


Score Distribution

Your Account Isn't Verified!

In order to create a playlist on Sporcle, you need to verify the email address you used during registration. Go to your Sporcle Settings to finish the process.

Report this User

Report this user for behavior that violates our Community Guidelines.

Details: